Distritos do Rio de Janeiro em um Mapa - Statistics

Estatísticas Gerais
  • Esse quiz foi jogado 386 vezes
  • A pontuação média é 56 de 302
Respostas no mapa
Respostas codificadas por cores de uma escala verde-vermelha no mapa do quiz de acordo com a % correta abaixo.
 
Estatísticas das Respostas
Município Distrito % Correto
Rio de Janeiro Rio de Janeiro
89%
Niterói Niterói
64%
Campos dos Goytacazes Campos dos Goytacazes
56%
Cabo Frio Cabo Frio
51%
Petrópolis Petrópolis
50%
Angra dos Reis Angra dos Reis
49%
São Gonçalo São Gonçalo
49%
Duque de Caxias Duque de Caxias
48%
Nova Iguaçu Nova Iguaçu
47%
Paraty Paraty
45%
Teresópolis Teresópolis
45%
Macaé Macaé
42%
Maricá Maricá
41%
Arraial do Cabo Arraial do Cabo
39%
Volta Redonda Volta Redonda
39%
Saquarema Saquarema
38%
Araruama Araruama
37%
Magé Magé
37%
Nova Friburgo Nova Friburgo
37%
Resende Resende
37%
Belford Roxo Belford Roxo
36%
Rio das Ostras Rio das Ostras
36%
Mangaratiba Mangaratiba
35%
São Pedro da Aldeia São Pedro da Aldeia
35%
Armação dos Búzios Armação dos Búzios
33%
Itaboraí Itaboraí
33%
São João de Meriti São João de Meriti
33%
Cachoeiras de Macacu Cachoeiras de Macacu
32%
Guapimirim Guapimirim
31%
Nilópolis Nilópolis
31%
Barra Mansa Barra Mansa
30%
Itaguaí Itaguaí
30%
Nova Friburgo Muri
30%
Rio Bonito Rio Bonito
30%
Campos dos Goytacazes Santa Maria
29%
Petrópolis Itaipava
28%
Itaperuna Itaperuna
27%
Itatiaia Itatiaia
27%
Mesquita Mesquita
27%
Queimados Queimados
27%
Seropédica Seropédica
27%
Vassouras Vassouras
27%
Barra do Piraí Barra do Piraí
26%
Casimiro de Abreu Casimiro de Abreu
26%
Quissamã Quissamã
26%
Iguaba Grande Iguaba Grande
25%
Japeri Japeri
25%
Duas Barras Duas Barras
24%
Nova Friburgo Lumiar
24%
Macuco Macuco
24%
Piraí Piraí
24%
Bom Jesus do Itabapoana Santa Isabel
24%
Santo Antônio de Pádua Santo Antônio de Pádua
24%
São João da Barra São João da Barra
24%
Sapucaia Sapucaia
24%
Três Rios Três Rios
24%
Varre-Sai Varre-Sai
24%
Areal Areal
23%
Cantagalo Cantagalo
23%
Carmo Carmo
23%
Itaocara Itaocara
23%
Porciúncula Porciúncula
23%
Macaé Sana
23%
São Fidélis São Fidélis
23%
Tanguá Tanguá
23%
Valença Valença
23%
Aperibé Aperibé
22%
Bom Jesus do Itabapoana Bom Jesus do Itabapoana
22%
Carapebus Carapebus
22%
Conceição de Macabu Conceição de Macabu
22%
Cordeiro Cordeiro
22%
Maricá Itaipuaçu
22%
Miracema Miracema
22%
Araruama Praia Seca
22%
Santo Antônio de Pádua Santa Cruz
22%
Silva Jardim Silva Jardim
22%
Cabo Frio Tamoios
22%
Duque de Caxias Xerém
22%
Casimiro de Abreu Barra de São João
21%
Bom Jardim Bom Jardim
21%
Araruama Iguabinha
21%
Italva Italva
21%
Sapucaia Jamapará
21%
Miguel Pereira Miguel Pereira
21%
Natividade Natividade
21%
Paracambi Paracambi
21%
Porto Real Porto Real
21%
Rio Claro Rio Claro
21%
São Franciscode Itabapoana São Franciscode Itabapoana
21%
São José doVale do Rio Preto São José doVale do Rio Preto
21%
Sumidouro Sumidouro
21%
Laje do Muriaé Laje do Muriaé
20%
Paty do Alferes Paty do Alferes
20%
Santa Maria Madalena Santa Maria Madalena
20%
São José de Ubá São José de Ubá
20%
Nova Friburgo São Pedro da Serra
20%
Sapucaia Anta
19%
Saquarema Bacaxá
19%
Cambuci Cambuci
19%
Cardoso Moreira Cardoso Moreira
19%
ComendadorLevy Gasparian ComendadorLevy Gasparian
19%
Maricá Inoã
19%
Mendes Mendes
19%
Petrópolis Pedro do Rio
19%
Maricá Ponta Negra
19%
Rio das Flores Rio das Flores
19%
São Sebastião do Alto São Sebastião do Alto
19%
Trajano de Moraes Trajano de Moraes
19%
Itaboraí Manilha
18%
São Gonçalo Monjolo
18%
Mangaratiba Muriqui
18%
São Gonçalo Neves
18%
Paraíba do Sul Paraíba do Sul
18%
Sapucaia Pião
18%
Pinheiral Pinheiral
18%
Quatis Quatis
18%
Casimiro de Abreu Rio Dourado
18%
Saquarema Sampaio Correia
18%
Campos dos Goytacazes Santo Eduardo
18%
Resende Visconde de Mauá
18%
Angra dos Reis Abraão
17%
São João da Barra Atafona
17%
Valença Conservatória
17%
Engenheiro Paulode Frontin Engenheiro Paulode Frontin
17%
São João da Barra Grussaí
17%
Campos dos Goytacazes Ibitioca
17%
São Gonçalo Ipiiba
17%
Rio Claro Lídice
17%
Duas Barras Monnerat
17%
Araruama Morro Grande
17%
Bom Jesus do Itabapoana Pirapetinga de Bom Jesus
17%
Itaboraí Porto das Caixas
17%
Petrópolis Posse
17%
Bom Jesus do Itabapoana Rosal
17%
Itaboraí Sambaetiba
17%
Cantagalo São Sebastião do Paraíba
17%
Campos dos Goytacazes Travessão
17%
Três Rios Bemposta
16%
Mangaratiba Conceição de Jacareí
16%
Nova Friburgo Conselheiro Paulino
16%
Campos dos Goytacazes Dores de Macabu
16%
Macaé Frade
16%
Cambuci Funil
16%
Santo Antônio de Pádua Ibitiguaçu
16%
Angra dos Reis Mambucaba
16%
Santo Antônio de Pádua Paraoquena
16%
Porciúncula Purilândia
16%
Porciúncula Santa Clara
16%
Cantagalo Santa Rita da Floresta
16%
Itaboraí Visconde de Itaboraí
16%
Cantagalo Boa Sorte
15%
Nova Friburgo Campo do Coelho
15%
Cantagalo Euclidelândia
15%
São Sebastião do Alto Ibipeba
15%
São Sebastião do Alto Ipituna
15%
São Fidélis Ipuca
15%
Itaboraí Itambi
15%
Conceição de Macabu Macabuzinho
15%
São Franciscode Itabapoana Maniva
15%
Campos dos Goytacazes Morro do Coco
15%
Sapucaia Nossa Senhorada Aparecida
15%
Casimiro de Abreu Professor Souza
15%
Itaperuna Raposo
15%
Nova Friburgo Riograndina
15%
Campos dos Goytacazes Santo Amaro de Campos
15%
Mangaratiba | Rio Claro São João Marcos
15%
Campos dos Goytacazes São Sebastião de Campos
15%
Araruama São Vicente de Paula
15%
Bom Jesus do Itabapoana | Campos dos Goytacazes Serrinha
15%
Campos dos Goytacazes Tocos
15%
Cambuci Três Irmãos
15%
Teresópolis Vale de Bonsucesso
15%
Teresópolis Vale do Paquequer
15%
Santo Antônio de Pádua Baltazar
14%
Bom Jesus do Itabapoana Calheiros
14%
Santo Antônio de Pádua Campelo
14%
Sumidouro Campinas
14%
Bom Jesus do Itabapoana Carabuçu
14%
Resende Engenheiro Passos
14%
Itaocara Jaguarembé
14%
Itaocara Laranjais
14%
Santo Antônio de Pádua Marangatu
14%
Cambuci Monte Verde
14%
Campos dos Goytacazes Morangaba
14%
Nilópolis Olinda
14%
Itaboraí Pachecos
14%
Paraty Paraty-Mirim
14%
Carmo Porto Velho do Cunha
14%
São Fidélis Pureza
14%
Itaperuna Retiro do Muriaé
14%
Magé Santo Aleixo
14%
Cardoso Moreira São Joaquim
14%
Bom Jardim São José do Ribeirão
14%
Magé Suruí
14%
São Sebastião do Alto Valão do Barro
14%
Silva Jardim Aldeia Velha
13%
Nova Friburgo Amparo
13%
Paty do Alferes Avelar
13%
Bom Jardim Barra Alegre
13%
Rio Bonito Boa Esperança
13%
Silva Jardim Correntezas
13%
Cambuci Cruzeiro
13%
Angra dos Reis Cunhambebe
13%
Barra do Piraí Dorândia
13%
Resende Fumaça
13%
Macaé Glicério
13%
Duque de Caxias Imbariê
13%
Paraíba do Sul Inconfidência
13%
Magé Inhomirim
13%
Santo Antônio de Pádua Monte Alegre
13%
Piraí Monumento
13%
Miracema Paraíso do Tobias
13%
Paraíba do Sul Salutaris
13%
Santa Maria Madalena Santo Antônio do Imbé
13%
Santo Antônio de Pádua São Pedro de Alcântara
13%
Sumidouro Soledade
13%
Santa Maria Madalena Triunfo
13%
Bom Jesus do Itabapoana Usina Santa Maria
13%
Miracema Venda das Flores
13%
Campos dos Goytacazes Vila Nova de Campos
13%
Rio das Flores Abarracamento
12%
ComendadorLevy Gasparian Afonso Arinos
12%
Vassouras Andrade Pinto
12%
Piraí Arrozal
12%
Bom Jardim Banquete
12%
São João da Barra Barcelos
12%
São Franciscode Itabapoana Barra Seca
12%
Rio Bonito Bazílio
12%
Natividade Bom Jesus do Querendo
12%
Macaé Cachoeiros de Macaé
12%
Petrópolis Cascatinha
12%
Miguel Pereira Conrado
12%
Carmo Córrego da Prata
12%
Macaé Córrego do Ouro
12%
Sumidouro Dona Mariana
12%
Itaocara Estrada Nova
12%
Silva Jardim Gaviões
12%
Magé Guia de Pacobaíba
12%
Barra do Piraí Ipiabas
12%
Mangaratiba Itacurussá
12%
Rio das Flores Manuel Duarte
12%
Campos dos Goytacazes Mussurepe
12%
Itaperuna Nossa Senhora da Penha
12%
Natividade Ourânia
12%
Resende Pedra Selada
12%
Valença Pentagna
12%
São João da Barra Pipeiras
12%
Mangaratiba Praia Grande
12%
Engenheiro Paulode Frontin Sacra Família do Tinguá
12%
Santa Maria Madalena Sossego
12%
Rio das Flores Taboas
12%
Paraty Tarituba
12%
Trajano de Moraes Vila da Grama
12%
Trajano de Moraes Visconde de Imbé
12%
Paraíba do Sul Werneck
12%
Resende Agulhas Negras
11%
Itaocara Batatal
11%
Itaboraí Cabuçu
11%
São João da Barra Cajueiro
11%
São João de Meriti Coelho da Rocha
11%
Itaperuna Comendador Venâncio
11%
Quatis Falcão
11%
Itaguaí Ibituporanga
11%
Engenheiro Paulode Frontin Morro Azul do Tinguá
11%
Valença Parapeúna
11%
Rio Claro Passa Três
11%
Itaocara Portela
11%
Barra Mansa Rialto
11%
Magé Rio D'Ouro
11%
Cambuci São João do Paraíso
11%
São João de Meriti São Mateus
11%
São Gonçalo Sete Pontes
11%
Itaperuna Boaventura
10%
São Fidélis Cambiasca
10%
São Fidélis Colônia
10%
Rio Claro Getulândia
10%
Miguel Pereira Governador Portela
10%
Itaperuna Itajara
10%
Santa Maria Madalena Osório Bersot
10%
Quatis Ribeirão de São Joaquim
10%
Vassouras São Sebastiãodos Ferreiros
10%
Trajano de Moraes Doutor Elias
9%
Santa Maria Madalena Doutor Loréti
9%
Barra Mansa Floriano
9%
Barra Mansa Nossa Senhora do Amparo
9%
Valença Santa Isabel do Rio Preto
9%
Barra do Piraí São José do Turvo
9%
Vassouras Sebastião de Lacerda
9%
Barra do Piraí Vargem Alegre
9%
Barra do Piraí Califórnia da Barra
8%
Duque de Caxias Campos Elyseos
8%
Santa Maria Madalena Renascença
8%
Trajano de Moraes Sodrelândia
8%
Valença Barão de Juparanã
7%
Resende Bulhões
7%
Piraí Santanésia
7%
Barra Mansa Santa Rita de Cássia
7%
Mesquita Vila Emil
7%
Barra Mansa Antônio Rocha
6%
Mesquita Banco de Areia
6%
Nenhum quiz correspondente encontrado
Distribuição das Pontuações
Porcentagem de Pessoas com Cada Pontuação
Percentil de Números Respondidos
Sua Pontuação Histórica
Você não jogou esse quiz